Estadísticas para 20 ciudades mas grandes del Africa(en orden)

Haz click aquí para intentar la prueba.

Estadísticas generales

  • Esta prueba ha sido intentada 29 veces
  • La puntuación promedio es 12 de 20

Estadísticas de respuestas

PaisesPoblacionCiudades% Correcto
Argelia3.9Argel
97%
Marruecos3.7Casablanca
97%
Egipto20.9El Cairo
97%
Sudafrica4.6Ciudad del cabo
93%
Nigeria14.3Lagos
93%
Sudafrica5.7Johannesburgo
90%
RDCongo14.3Kinsasa
90%
Kenia4.7Nairobi
90%
Sudan5.8Jartum
86%
Angola8.3Luanda
86%
Egipto5.2Alejandria
83%
Tanzania6.7Dar es Saalam
72%
Nigeria3.9Kano
41%
Etiopia4.7Addis Ababa
31%
Costa de Marfil5.2Abidjan
28%
Camerun3.6Douala
21%
Egipto2.4Giza
10%
Nigeria3.5Ibadan
10%
Ghana3.3Kumasi
7%
Nigeria1.0Aba
3%

Distribución de puntuación

Porcentaje por número respondido

Porcentaje de gente con cada puntuación

Historial de tus puntuaciones

No has intentado esta prueba.